Outer Wilds - Système solaire (avec Echoes Of The Eye) - Statistiques

Statistiques générales
  • Ce quiz a été pris 104 fois
  • Le résultat moyen est 13 sur 24
Statistiques - réponses
# Réponse % Correct
5 Âtrebois
95%
7 Cravité
90%
9 Léviathe
90%
3 Sablière rouge
90%
4 Sablière noire
89%
2 Station solaire
88%
6 La Rocaille
86%
12 L'Intrus
82%
1 Soleil
82%
11 Sombronces
81%
8 La Lanterne
79%
16 L'Étranger
75%
14 Lune Quantique
75%
13 Station du Trou blanc
71%
15 Oeil de l'Univers
70%
10 Canon orbital
55%
23 Le Canyon infini
8%
17 Les Plaines fluviales
5%
22 La Crique étoilée
4%
21 La Forêt nébuleuse
4%
19 La Gorge cachée
3%
24 Le Lac souterrain
3%
20 Le Réservoir
1%
18 Les Îles cendrées
1%
Aucun quiz correspondant
Distribution des résultats
% des personnes avec chaque résultat
Percentile par nombre de réponses
Votre historique - résultats
Vous n’avez pas pris ce quiz